[Event "49th Rubinstein Memorial"]
[Site "Polanica Zdroj POL"]
[Date "2013.08.17"]
[Round "1"]
[White "Moranda, Wojciech"]
[Black "Mista, Aleksander"]
[WhiteElo "2572"]
[BlackElo "2576"]
[Result "1/2-1/2"]
[EventDate "2013.08.17"]
[PlyCount "84"]
1. d4 Nf6 2. c4 g6 3. Nc3 d5 4. Nf3 Bg7 5. Qa4+ Bd7 6. Qb3 dxc4 7. Qxc4 O-O 8. Bf4 b5 9. Qxc7 Qxc7 10. Bxc7 b4 11. Nd1 Rc8 12. Bg3 Ne4 13. e3 Bf5 14. Bb5 a6 15. Ba4 Nd7 16. a3 Nb6 17. Bb3 e6 18. axb4 Bf8 19. O-O Bg4 20. Ne5 Be2 21. Re1 Bb5 22. Nc3 Nxc3 23. bxc3 Rxc3 24. Reb1 Rac8 25. h3 Nd5 26. Ba4 Bxa4 27. Rxa4 Rc1+ 28. Rxc1 Rxc1+ 29. Kh2 Nxb4 30. Nd7 Be7 31. Nb8 h5 32. Nxa6 Nd5 33. e4 h4 34. Be5 Nb6 35. Ra2 Nc4 36. Bf4 Rd1 37. Nb8 g5 38. Rc2 Nd6 39. Rc1 Rxc1 40. Bxc1 Nxe4 41. Nc6 Bd6+ 42. Kg1 f6 1/2-1/2

[Event "49th Rubinstein Memorial"]
[Site "Polanica Zdroj POL"]
[Date "2013.08.17"]
[Round "1"]
[White "Nasuta, Grzegorz"]
[Black "Czarnota, Pawel"]
[WhiteElo "2341"]
[BlackElo "2534"]
[Result "1/2-1/2"]
[EventDate "2013.08.17"]
[PlyCount "75"]
1. e4 c6 2. d4 d5 3. Nc3 dxe4 4. Nxe4 Bf5 5. Ng3 Bg6 6. h4 h6 7. Nf3 Nd7 8. h5 Bh7 9. Bd3 Bxd3 10. Qxd3 e6 11. Bd2 Ngf6 12. O-O-O Be7 13. Kb1 O-O 14. Ne4 c5 15. Rdg1 Nxe4 16. Qxe4 cxd4 17. g4 Nc5 18. Qxd4 Qxd4 19. Nxd4 Rfd8 20. Be3 a6 21. c3 Rd5 22. Rd1 Rad8 23. Kc2 Kf8 24. f3 Bg5 25. Bxg5 Rxg5 26. b4 Nd7 27. c4 Re5 28. Rd3 Rc8 29. Kb3 Nb6 30. Rc1 a5 31. c5 axb4 32. c6 bxc6 33. Rxc6 Rb8 34. Rd6 Rd5 35. Nc6 Rxd3+ 36. Rxd3 Rc8 37. Nxb4 Ke7 38. a4 1/2-1/2

[Event "49th Rubinstein Memorial"]
[Site "Polanica Zdroj POL"]
[Date "2013.08.17"]
[Round "1"]
[White "Ovseevich, Sergei"]
[Black "Kempinski, Robert"]
[WhiteElo "2569"]
[BlackElo "2583"]
[Result "1/2-1/2"]
[EventDate "2013.08.17"]
[PlyCount "34"]
1. Nf3 Nf6 2. c4 g6 3. Nc3 Bg7 4. e4 O-O 5. d4 c6 6. h3 d5 7. cxd5 cxd5 8. e5 Ne4 9. Bd3 Bf5 10. O-O Nxc3 11. bxc3 Bxd3 12. Qxd3 Qd7 13. Re1 Nc6 14. h4 Qg4 15. Qb5 Qd7 16. Qd3 Qg4 17. Qb5 Qd7 1/2-1/2

[Event "49th Rubinstein Memorial"]
[Site "Polanica Zdroj POL"]
[Date "2013.08.17"]
[Round "1"]
[White "Pacher, Milan"]
[Black "Kveinys, Aloyzas"]
[WhiteElo "2453"]
[BlackElo "2491"]
[Result "0-1"]
[EventDate "2013.08.17"]
[PlyCount "96"]
1. e4 c5 2. Nf3 e6 3. d4 cxd4 4. Nxd4 a6 5. Bd3 Bc5 6. Nb3 Ba7 7. Qe2 d6 8. Be3 Nc6 9. Nc3 b5 10. O-O-O Nge7 11. h4 b4 12. Na4 Bd7 13. Bxa6 Bxe3+ 14. fxe3 Qc7 15. Qc4 O-O 16. Kb1 Ra7 17. e5 d5 18. Qe2 Nxe5 19. Nac5 Rfa8 20. h5 Ba4 21. Nxa4 Rxa6 22. Nbc5 Rxa4 23. Nxa4 Rxa4 24. Qb5 Ra8 25. Qxb4 Nc4 26. h6 Na3+ 27. bxa3 Rb8 28. Qb3 Nf5 29. Rd3 Ng3 30. Rc1 gxh6 31. c4 Rxb3+ 32. axb3 Qe5 33. c5 Qe4 34. Rcc3 Ne2 35. Kb2 Nxc3 36. Rxc3 Qxg2+ 37. Rc2 Qg7+ 38. Ka2 Qg6 39. Kb2 Qf6+ 40. Kb1 Qf1+ 41. Kb2 Qa6 42. c6 Kf8 43. c7 Qc8 44. b4 Ke7 45. b5 Kd7 46. b6 Qa6 47. Kc1 Qxa3+ 48. Kd1 Qd3+ 0-1

[Event "49th Rubinstein Memorial"]
[Site "Polanica Zdroj POL"]
[Date "2013.08.17"]
[Round "1"]
[White "Warakomski, Tomasz"]
[Black "Sulypa, Olexandr"]
[WhiteElo "2503"]
[BlackElo "2483"]
[Result "1-0"]
[EventDate "2013.08.17"]
[PlyCount "87"]
1. Nf3 d5 2. c4 d4 3. b4 c5 4. e3 dxe3 5. fxe3 cxb4 6. d4 Nf6 7. Bd3 Nbd7 8. O-O e6 9. a3 bxa3 10. Nxa3 Be7 11. Nb5 a6 12. c5 O-O 13. Qc2 Rb8 14. Nd6 b6 15. Nxf7 Rxf7 16. c6 Bd6 17. cxd7 Rxd7 18. e4 e5 19. Nxe5 Bxe5 20. Bc4+ Kh8 21. dxe5 Ng4 22. Bg5 Qe8 23. e6 Rc7 24. Bf4 Rc6 25. Qe2 Ra8 26. h3 Nf6 27. Bd5 Bxe6 28. Bxc6 Qxc6 29. Rfc1 Qxe4 30. Qxe4 Nxe4 31. Rc6 Bd5 32. Rxb6 Rf8 33. Be3 h6 34. Rbxa6 Rf5 35. Ra7 Kh7 36. Re7 Ng5 37. Ra5 Kg6 38. h4 Nh7 39. g4 Rf7 40. Rxf7 Bxf7 41. h5+ Kf6 42. Bd4+ Ke7 43. Bxg7 Be6 44. Ra7+ 1-0

[Event "49th Rubinstein Memorial"]
[Site "Polanica Zdroj POL"]
[Date "2013.08.18"]
[Round "2"]
[White "Kempinski, Robert"]
[Black "Nasuta, Grzegorz"]
[WhiteElo "2583"]
[BlackElo "2341"]
[Result "1-0"]
[EventDate "2013.08.17"]
[PlyCount "117"]
1. Nf3 Nf6 2. c4 g6 3. Nc3 d5 4. cxd5 Nxd5 5. g3 Bg7 6. Bg2 Nb6 7. O-O Nc6 8. d3 O-O 9. Be3 e5 10. Rc1 Nd4 11. Nd2 c6 12. Nde4 Qe7 13. f4 f5 14. fxe5 Bxe5 15. Nf2 Bf6 16. Bd2 Bd7 17. e3 Ne6 18. a4 Rad8 19. a5 Nc8 20. d4 Be8 21. Qc2 Nd6 22. Na4 Nc7 23. Rce1 Bf7 24. Bb4 Na6 25. Ba3 Qc7 26. Ne4 Be7 27. Nxd6 Bxd6 28. Bxd6 Qxd6 29. Nc3 Rfe8 30. Qd2 Qb4 31. Ra1 Nc5 32. Qc2 Nb3 33. Ra4 Qe7 34. Nd1 a6 35. Qc3 c5 36. d5 Rxd5 37. Qxb3 Rd4 38. Qc2 Rd7 39. Raf4 Red8 40. R4f2 Rd3 41. Qc1 Bb3 42. Nc3 Rxe3 43. Rd2 Red3 44. Rxd3 Rxd3 45. Re1 Qd7 46. Qf4 Qd4+ 47. Qxd4 cxd4 48. Nb1 Bf7 49. Bxb7 Rb3 50. Bxa6 Rxb2 51. Bf1 Kf8 52. a6 Bd5 53. Rd1 Bf3 54. a7 Ra2 55. Rd3 Ba8 56. Na3 Bc6 57. Rb3 Ke7 58. Ba6 Kd8 59. Bb7 1-0

[Event "49th Rubinstein Memorial"]
[Site "Polanica Zdroj POL"]
[Date "2013.08.18"]
[Round "2"]
[White "Kveinys, Aloyzas"]
[Black "Czarnota, Pawel"]
[WhiteElo "2491"]
[BlackElo "2534"]
[Result "0-1"]
[EventDate "2013.08.17"]
[PlyCount "96"]
1. d4 d5 2. Nf3 Nf6 3. c4 c6 4. e3 Bf5 5. Nc3 e6 6. Nh4 Be4 7. f3 Bg6 8. Qb3 Qc7 9. Bd2 Be7 10. Rc1 Nbd7 11. g3 Nb6 12. cxd5 exd5 13. Nxg6 hxg6 14. Bd3 O-O 15. O-O a5 16. e4 a4 17. Qc2 dxe4 18. fxe4 Qd7 19. Ne2 c5 20. e5 Nfd5 21. Be4 cxd4 22. Qd3 Qe6 23. Nxd4 Qxe5 24. Rfe1 Nb4 25. Bxb4 Bxb4 26. Nf3 Qxb2 27. Rb1 Bc5+ 28. Kh1 Qxa2 29. Re2 Qc4 30. Qxc4 Nxc4 31. Bxb7 Rab8 32. Rc1 Rxb7 33. Rxc4 Bb4 34. Nd4 a3 35. Nc2 Rfb8 36. Nxb4 Rxb4 37. Rxb4 Rxb4 38. Re8+ Kh7 39. Ra8 Rb3 40. Kg2 g5 41. g4 Rb2+ 42. Kg3 Ra2 43. h4 gxh4+ 44. Kxh4 Ra1 45. Kg3 a2 46. Kg2 f6 47. Ra7 Kg6 48. Ra5 Kf7 0-1

[Event "49th Rubinstein Memorial"]
[Site "Polanica Zdroj POL"]
[Date "2013.08.18"]
[Round "2"]
[White "Mista, Aleksander"]
[Black "Ovseevich, Sergei"]
[WhiteElo "2576"]
[BlackElo "2569"]
[Result "1/2-1/2"]
[EventDate "2013.08.17"]
[PlyCount "79"]
1. Nf3 Nf6 2. c4 e6 3. g3 b6 4. Bg2 Bb7 5. O-O Be7 6. b3 O-O 7. Bb2 c5 8. Nc3 d5 9. e3 Ne4 10. cxd5 Nxc3 11. Bxc3 Bxd5 12. Qe2 Bf6 13. e4 Bb7 14. Rfd1 Nc6 15. e5 Be7 16. d4 cxd4 17. Nxd4 Nxd4 18. Rxd4 Qc7 19. Rc4 Qb8 20. Rd1 Bxg2 21. Kxg2 Rd8 22. Rxd8+ Qxd8 23. Qd2 Kf8 24. Rd4 Qc7 25. Bb4 Bxb4 26. Qxb4+ Kg8 27. Qd6 Qb7+ 28. f3 h6 29. Qd7 Qa6 30. Rd2 Rc8 31. a4 Rc1 32. Rf2 Rc8 33. f4 Rf8 34. Rc2 Qa5 35. Qd4 Qe1 36. Rc7 Qb1 37. b4 Qa2+ 38. Kh3 Qxa4 39. f5 Qb5 40. Qf4 1/2-1/2

[Event "49th Rubinstein Memorial"]
[Site "Polanica Zdroj POL"]
[Date "2013.08.18"]
[Round "2"]
[White "Pacher, Milan"]
[Black "Warakomski, Tomasz"]
[WhiteElo "2453"]
[BlackElo "2503"]
[Result "1/2-1/2"]
[EventDate "2013.08.17"]
[PlyCount "92"]
1. e4 e5 2. Nf3 Nc6 3. Bb5 Nf6 4. O-O Nxe4 5. d4 Nd6 6. Bxc6 dxc6 7. dxe5 Nf5 8. Qxd8+ Kxd8 9. Nc3 Ke8 10. h3 b6 11. Bf4 Bb4 12. Ne4 Ba6 13. Rfc1 Be2 14. Nfd2 Bxd2 15. Bxd2 Rd8 16. Bc3 c5 17. Re1 Bc4 18. b3 Bd5 19. Rad1 Ke7 20. Nd6 Be6 21. Nb5 Rxd1 22. Rxd1 Rc8 23. g4 Nh4 24. f4 Bd7 25. Na3 h5 26. f5 hxg4 27. hxg4 Nf3+ 28. Kf2 Ng5 29. Ke3 Bc6 30. f6+ Ke6 31. fxg7 Rg8 32. Rf1 Rxg7 33. Rf6+ Kd7 34. Nc4 Ne6 35. Kd2 Rh7 36. Kc1 Be4 37. Bd2 Rh1+ 38. Kb2 Bg6 39. Rf2 Rg1 40. Ne3 Nd4 41. Bc1 Nc6 42. Nd5 c4 43. Bf4 cxb3 44. axb3 Kc8 45. g5 Re1 46. e6 Rxe6 1/2-1/2

[Event "49th Rubinstein Memorial"]
[Site "Polanica Zdroj POL"]
[Date "2013.08.19"]
[Round "3"]
[White "Moranda, Wojciech"]
[Black "Pacher, Milan"]
[WhiteElo "2572"]
[BlackElo "2453"]
[Result "1-0"]
[EventDate "2013.08.17"]
[PlyCount "69"]
1. d4 Nf6 2. c4 e6 3. Nf3 Bb4+ 4. Bd2 Bxd2+ 5. Qxd2 O-O 6. g3 b6 7. Bg2 Ba6 8. Ne5 c6 9. c5 d6 10. cxd6 Qxd6 11. Nc3 Rd8 12. Rd1 Bb7 13. O-O Nbd7 14. f4 Rac8 15. g4 Qb8 16. g5 Ne8 17. Nxd7 Rxd7 18. f5 exf5 19. Rxf5 Nd6 20. Rf2 Nc4 21. Qc1 c5 22. Bh3 Re7 23. Bxc8 Qxc8 24. Qf4 Nxb2 25. Rc1 b5 26. d5 Qe8 27. d6 Qc6 28. e4 Nd3 29. dxe7 Nxf4 30. Rd1 f6 31. Rd8+ Kf7 32. e8=Q+ Qxe8 33. Rxe8 Nh3+ 34. Kg2 Nxf2 35. Rb8 1-0

[Event "49th Rubinstein Memorial"]
[Site "Polanica Zdroj POL"]
[Date "2013.08.19"]
[Round "3"]
[White "Nasuta, Grzegorz"]
[Black "Mista, Aleksander"]
[WhiteElo "2341"]
[BlackElo "2576"]
[Result "0-1"]
[EventDate "2013.08.17"]
[PlyCount "138"]
1. e4 e5 2. Nf3 Nc6 3. Bb5 a6 4. Ba4 Nf6 5. O-O Be7 6. Re1 b5 7. Bb3 d6 8. c3 O-O 9. h3 Bb7 10. d4 Re8 11. Ng5 Rf8 12. Nf3 Re8 13. a3 Bf8 14. Bc2 g6 15. Nbd2 Nb8 16. b4 Nbd7 17. Bb2 Bg7 18. Qb1 Nb6 19. dxe5 dxe5 20. c4 Nh5 21. c5 Nd7 22. Bb3 Nf4 23. Qc2 Qf6 24. Kh2 g5 25. g3 Ng6 26. Kg2 Ndf8 27. Nf1 Bc8 28. Ng1 Ne6 29. Bxe6 Bxe6 30. Ne3 Ne7 31. Rad1 Qg6 32. Nf3 Nc6 33. Nd5 Rac8 34. Qe2 Nd4 35. Bxd4 exd4 36. Qd2 c6 37. Nb6 Bxh3+ 38. Kxh3 g4+ 39. Kg2 gxf3+ 40. Kxf3 Rc7 41. Qd3 Rce7 42. Kg2 h5 43. e5 Bxe5 44. Re2 Kg7 45. f4 Bf6 46. Rxe7 Rxe7 47. Nc8 Re3 48. Qxg6+ Kxg6 49. Na7 Re6 50. Rd3 Bg7 51. Kf3 Kf5 52. Nc8 Re1 53. Na7 Rf1+ 54. Ke2 Rh1 55. Kf3 Rf1+ 56. Ke2 Rc1 57. Kf3 Rc3 58. Rxc3 dxc3 59. Ke3 Kg4 60. Nxc6 c2 61. Kd2 Kxg3 62. Ne5 Kxf4 63. Nxf7 Bd4 64. Nd8 Be5 65. c6 Kf5 66. Nb7 h4 67. Nc5 h3 68. Nd3 h2 69. Nf2 Kf4 0-1

[Event "49th Rubinstein Memorial"]
[Site "Polanica Zdroj POL"]
[Date "2013.08.19"]
[Round "3"]
[White "Warakomski, Tomasz"]
[Black "Kveinys, Aloyzas"]
[WhiteElo "2503"]
[BlackElo "2491"]
[Result "1-0"]
[EventDate "2013.08.17"]
[PlyCount "75"]
1. c4 c5 2. Nc3 g6 3. g3 Bg7 4. Bg2 Nc6 5. a3 d6 6. d3 Rb8 7. Bd2 Qd7 8. b4 b6 9. b5 Nd4 10. e4 e6 11. h4 h5 12. Nh3 Bb7 13. O-O Nf6 14. Nf4 O-O 15. a4 Kh7 16. a5 Bh6 17. Bh3 a6 18. bxa6 Ba8 19. Be3 bxa5 20. Rxa5 Qc7 21. Ra3 Bc6 22. Bg2 Rb6 23. Qd2 Bg7 24. Bxd4 cxd4 25. Nb5 Bxb5 26. cxb5 Rxb5 27. a7 Ra8 28. e5 Rxa7 29. Rxa7 Qxa7 30. exf6 Bh6 31. Qd1 Bxf4 32. gxf4 Rf5 33. Be4 Rxf6 34. Qxh5+ Kg7 35. Qg5 d5 36. h5 Qe7 37. Bg2 Qd8 38. hxg6 1-0

[Event "49th Rubinstein Memorial"]
[Site "Polanica Zdroj POL"]
[Date "2013.08.20"]
[Round "4"]
[White "Kveinys, Aloyzas"]
[Black "Kempinski, Robert"]
[WhiteElo "2491"]
[BlackElo "2583"]
[Result "1/2-1/2"]
[EventDate "2013.08.17"]
[PlyCount "70"]
1. d4 Nf6 2. Nf3 g6 3. c4 Bg7 4. g3 d5 5. cxd5 Nxd5 6. Bg2 Nb6 7. Nc3 Nc6 8. e3 O-O 9. O-O Re8 10. d5 Ne5 11. Nd4 Bg4 12. f3 Bd7 13. f4 Bg4 14. Nde2 Nec4 15. h3 Bxe2 16. Qxe2 e6 17. dxe6 Rxe6 18. Rd1 Qe7 19. e4 Bxc3 20. bxc3 Rd6 21. Rxd6 cxd6 22. Rb1 Rc8 23. Qd3 Rc5 24. Qd4 Ra5 25. Bf1 d5 26. f5 Ne5 27. Bg2 Ra4 28. Qd1 Qc5+ 29. Kh1 Rxa2 30. exd5 Qf2 31. Qf1 Qxf1+ 32. Bxf1 Nf3 33. Bg2 Nd2 34. Bxd2 Rxd2 35. f6 h5 1/2-1/2

[Event "49th Rubinstein Memorial"]
[Site "Polanica Zdroj POL"]
[Date "2013.08.20"]
[Round "4"]
[White "Mista, Aleksander"]
[Black "Czarnota, Pawel"]
[WhiteElo "2576"]
[BlackElo "2534"]
[Result "1/2-1/2"]
[EventDate "2013.08.17"]
[PlyCount "81"]
1. c4 Nf6 2. Nf3 g6 3. Nc3 Bg7 4. e4 d6 5. d4 O-O 6. h3 e5 7. d5 Nh5 8. g3 Qe8 9. Nh4 f5 10. exf5 gxf5 11. Be2 Nf6 12. Qc2 Na6 13. Be3 Nb4 14. Qb3 a5 15. O-O-O Bd7 16. a3 Na6 17. Qc2 Nc5 18. g4 Nfe4 19. Nxf5 Nxc3 20. Qxc3 Bxf5 21. gxf5 Kh8 22. Rhg1 Rxf5 23. Bg4 Rf6 24. Rg2 Bh6 25. Bxh6 Rxh6 26. Rdg1 Qf7 27. Kb1 Rf6 28. Qe3 Rg8 29. Bd1 Rxg2 30. Rxg2 Rg6 31. Rxg6 Qxg6+ 32. Bc2 Qg7 33. Ka2 a4 34. Qf3 Qe7 35. h4 e4 36. Qf5 Kg7 37. h5 Kh6 38. Bd1 Qg5 39. Qf8+ Qg7 40. Qf4+ Qg5 41. Qf8+ 1/2-1/2

[Event "49th Rubinstein Memorial"]
[Site "Polanica Zdroj POL"]
[Date "2013.08.20"]
[Round "4"]
[White "Pacher, Milan"]
[Black "Ovseevich, Sergei"]
[WhiteElo "2453"]
[BlackElo "2569"]
[Result "1/2-1/2"]
[EventDate "2013.08.17"]
[PlyCount "109"]
1. e4 e5 2. Nf3 Nc6 3. Bb5 a6 4. Bxc6 dxc6 5. Nc3 f6 6. d4 exd4 7. Nxd4 c5 8. Nde2 Qxd1+ 9. Nxd1 Be6 10. Bf4 O-O-O 11. Ne3 Ne7 12. Rd1 Rxd1+ 13. Kxd1 g6 14. Kc1 Bg7 15. h4 h6 16. f3 f5 17. exf5 Nxf5 18. Nxf5 Bxf5 19. Ng3 Bd7 20. Re1 Re8 21. Rxe8+ Bxe8 22. Ne4 b6 23. Bd2 Bf7 24. Bc3 Bf8 25. a3 Kd7 26. Be5 b5 27. Kd2 b4 28. g4 a5 29. Ke3 Kc6 30. Nd2 Be7 31. Bg7 Bxh4 32. Bxh6 Bf6 33. axb4 a4 34. b5+ Kxb5 35. c3 a3 36. bxa3 Bxc3 37. Bf4 c6 38. Ne4 Bd4+ 39. Kd2 Bd5 40. Be3 Bb2 41. Nd6+ Ka4 42. Bxc5 Bxf3 43. g5 Bd5 44. Nc8 Kb5 45. Bf8 Bd4 46. Kd3 c5 47. a4+ Kb4 48. Ne7 Bc4+ 49. Ke4 Kc3 50. Nxg6 Bd3+ 51. Kd5 Bxg6 52. Bxc5 Bf7+ 53. Kd6 Kc4 54. Bxd4 Kb4 55. Bc3+ 1/2-1/2

[Event "49th Rubinstein Memorial"]
[Site "Polanica Zdroj POL"]
[Date "2013.08.20"]
[Round "4"]
[White "Sulypa, Olexandr"]
[Black "Nasuta, Grzegorz"]
[WhiteElo "2483"]
[BlackElo "2341"]
[Result "1-0"]
[EventDate "2013.08.17"]
[PlyCount "63"]
1. d4 Nf6 2. c4 g6 3. Nc3 d5 4. Qb3 dxc4 5. Qxc4 Bg7 6. e4 O-O 7. Be2 Nfd7 8. Be3 Nb6 9. Qd3 Nc6 10. Rd1 e5 11. d5 Nd4 12. Nf3 Nxe2 13. Qxe2 Bd7 14. O-O Nc8 15. Nd2 b6 16. f4 Nd6 17. Nc4 Bg4 18. Qxg4 Nxc4 19. Bc1 exf4 20. Qxf4 Qe7 21. Kh1 Rae8 22. Qg3 Nd6 23. Bg5 Nxe4 24. Nxe4 Qxe4 25. Qxc7 Be5 26. Qd7 f6 27. Rde1 Qc4 28. Bh6 Qc7 29. Qxc7 Bxc7 30. Bxf8 Rxe1 31. Rxe1 Kxf8 32. Re6 1-0

[Event "49th Rubinstein Memorial"]
[Site "Polanica Zdroj POL"]
[Date "2013.08.20"]
[Round "4"]
[White "Warakomski, Tomasz"]
[Black "Moranda, Wojciech"]
[WhiteElo "2503"]
[BlackElo "2572"]
[Result "0-1"]
[EventDate "2013.08.17"]
[PlyCount "114"]
1. c4 Nf6 2. Nc3 g6 3. g3 Bg7 4. Bg2 O-O 5. Nf3 d6 6. O-O a6 7. d3 e5 8. Rb1 h6 9. b4 Be6 10. Bd2 Nc6 11. e4 Bg4 12. h3 Bxf3 13. Bxf3 a5 14. a3 axb4 15. axb4 Nd4 16. Bg2 Ra3 17. Rb2 c6 18. Qb1 Qc7 19. Rc1 Rfa8 20. Be3 Nd7 21. Bf1 Nb6 22. Ra2 Rxa2 23. Nxa2 Qb8 24. Nc3 Ra3 25. b5 Qa7 26. bxc6 bxc6 27. Ne2 Na4 28. Qb4 Nc5 29. Rb1 Kh7 30. Nc1 h5 31. Qb2 Ra6 32. Bg2 Nde6 33. Qd2 Ra1 34. Rxa1 Qxa1 35. Kh2 Bf6 36. Bf1 h4 37. Qa2 hxg3+ 38. Kxg3 Qc3 39. Qd2 Qa3 40. Qa2 Qb4 41. h4 Nf4 42. Qd2 Qa3 43. Kh2 Nce6 44. c5 Nxc5 45. Qc2 Bxh4 46. d4 Nce6 47. dxe5 dxe5 48. Qxc6 Kg7 49. Qb5 Bf6 50. Nd3 Qa1 51. Nxf4 exf4 52. Bb6 Ng5 53. Bc4 Be5 54. Bf1 Nxe4 55. Qa6 Qe1 56. Qa5 Qxa5 57. Bxa5 Nxf2 0-1

[Event "49th Rubinstein Memorial"]
[Site "Polanica Zdroj POL"]
[Date "2013.08.21"]
[Round "5"]
[White "Kempinski, Robert"]
[Black "Mista, Aleksander"]
[WhiteElo "2583"]
[BlackElo "2576"]
[Result "1/2-1/2"]
[EventDate "2013.08.17"]
[PlyCount "60"]
1. c4 c5 2. g3 g6 3. Bg2 Bg7 4. Nf3 Nc6 5. Nc3 e6 6. O-O Nge7 7. e3 O-O 8. d4 cxd4 9. Nxd4 d5 10. cxd5 Nxd5 11. Nxd5 Nxd4 12. exd4 exd5 13. Qb3 Be6 14. Rd1 Qd7 15. Bf4 Rac8 16. Rac1 Rxc1 17. Rxc1 Rc8 18. Rxc8+ Qxc8 19. Bxd5 Bxd4 20. Qxb7 Qxb7 21. Bxb7 Bxb2 22. Be3 Bxa2 23. Bxa7 h5 24. h4 Kg7 25. Be3 Be6 26. Bf3 Ba1 27. Kg2 Bf6 28. Bg5 Bxg5 29. hxg5 f6 30. gxf6+ Kxf6 1/2-1/2

[Event "49th Rubinstein Memorial"]
[Site "Polanica Zdroj POL"]
[Date "2013.08.21"]
[Round "5"]
[White "Moranda, Wojciech"]
[Black "Kveinys, Aloyzas"]
[WhiteElo "2572"]
[BlackElo "2491"]
[Result "1/2-1/2"]
[EventDate "2013.08.17"]
[PlyCount "137"]
1. d4 Nf6 2. c4 e6 3. Nf3 d5 4. Nc3 c5 5. cxd5 Nxd5 6. e4 Nxc3 7. bxc3 cxd4 8. cxd4 Bb4+ 9. Bd2 Bxd2+ 10. Qxd2 O-O 11. Bc4 Nd7 12. O-O b6 13. a4 Bb7 14. Rfe1 Rc8 15. Bd3 a5 16. Qb2 Qe7 17. Nd2 Rfd8 18. Bf1 Rc7 19. Rac1 Rdc8 20. Rxc7 Rxc7 21. f3 h6 22. Bb5 Qd8 23. Rc1 Rxc1+ 24. Qxc1 Nb8 25. Qc3 Bc6 26. Bxc6 Nxc6 27. d5 Nb4 28. dxe6 fxe6 29. Nf1 Qd7 30. h4 Kh7 31. Qb3 Qd4+ 32. Kh2 Qd6+ 33. Ng3 Nd3 34. h5 Nf4 35. e5 Qd2 36. Qb1+ Kh8 37. Qg1 Qd8 38. Qf2 Nd3 39. Qe3 Qh4+ 40. Kg1 Qxg3 41. Qxd3 Qe1+ 42. Qf1 Qxe5 43. Qd1 Qc5+ 44. Kf1 Qc4+ 45. Kg1 Qc5+ 46. Kf1 Qxh5 47. Qd8+ Kh7 48. Qxb6 Qh1+ 49. Kf2 Qh4+ 50. Kg1 Qxa4 51. Qb1+ Kg8 52. Qb8+ Kf7 53. Qb7+ Kf6 54. Qb2+ e5 55. Qb6+ Kf5 56. Qc7 Qd4+ 57. Kh2 Qh4+ 58. Kg1 Qe1+ 59. Kh2 Kg6 60. Qc2+ Kg5 61. Qc7 Kf4 62. Qxg7 Qh4+ 63. Kg1 a4 64. Kf1 a3 65. Qa7 Qd8 66. Qxa3 Qd1+ 67. Kf2 Qd4+ 68. Kf1 Kg3 69. f4+ 1/2-1/2

[Event "49th Rubinstein Memorial"]
[Site "Polanica Zdroj POL"]
[Date "2013.08.21"]
[Round "5"]
[White "Nasuta, Grzegorz"]
[Black "Pacher, Milan"]
[WhiteElo "2341"]
[BlackElo "2453"]
[Result "0-1"]
[EventDate "2013.08.17"]
[PlyCount "78"]
1. e4 e5 2. Nf3 Nc6 3. Bb5 Nf6 4. O-O Nxe4 5. d4 Nd6 6. Bxc6 dxc6 7. dxe5 Nf5 8. Qxd8+ Kxd8 9. Nc3 Be6 10. a3 h6 11. h3 c5 12. Rd1+ Kc8 13. Nd5 g5 14. Nf6 b6 15. g4 Ne7 16. b3 Ng6 17. Nh5 Kb7 18. Bb2 a5 19. a4 c4 20. Nd4 cxb3 21. cxb3 Bc5 22. Nxe6 fxe6 23. Rd7 Raf8 24. Nf6 Nf4 25. Kh2 h5 26. Bc1 hxg4 27. Bxf4 Rxh3+ 28. Kg2 gxf4 29. Nxg4 Rxb3 30. Nf6 Kc6 31. Rad1 Rb2 32. Ne4 Rf5 33. Nxc5 bxc5 34. Re7 Rxe5 35. Rdd7 Ree2 36. Rxc7+ Kd5 37. Red7+ Kc4 38. Ra7 Rxf2+ 39. Kh3 Rb3+ 0-1

[Event "49th Rubinstein Memorial"]
[Site "Polanica Zdroj POL"]
[Date "2013.08.21"]
[Round "5"]
[White "Ovseevich, Sergei"]
[Black "Warakomski, Tomasz"]
[WhiteElo "2569"]
[BlackElo "2503"]
[Result "1-0"]
[EventDate "2013.08.17"]
[PlyCount "129"]
1. d4 d5 2. c4 Bf5 3. cxd5 Bxb1 4. Qa4+ c6 5. Rxb1 Qxd5 6. e3 Nd7 7. Nf3 Ngf6 8. a3 Qf5 9. Ra1 e5 10. Be2 Bd6 11. dxe5 Nxe5 12. O-O O-O 13. Nd4 Qg6 14. Qc2 Qxc2 15. Nxc2 c5 16. Rd1 Rfd8 17. Bd2 Bc7 18. Be1 c4 19. a4 Nd3 20. Bxd3 cxd3 21. Nb4 Ng4 22. h3 Ne5 23. Rac1 Bb6 24. Bc3 a5 25. Bxe5 axb4 26. b3 Rd5 27. Bb2 f5 28. Rc4 Bc5 29. Bd4 Bf8 30. Rxd3 b5 31. axb5 Rxb5 32. Bb2 Ra2 33. Rd2 Rba5 34. g4 g6 35. Kg2 Ra7 36. gxf5 gxf5 37. Kf3 Kf7 38. Rdc2 Bd6 39. Rc6 R7a6 40. Rc8 Ra8 41. R8c4 R8a5 42. Ke2 Be7 43. Kd3 Ra6 44. Rc7 f4 45. exf4 Rh6 46. Ke4 Rxh3 47. f3 Rh1 48. Rg2 Ra8 49. Kf5 Kf8 50. Bg7+ Ke8 51. Re2 Ra5+ 52. Re5 Rh5+ 53. Ke4 Rhxe5+ 54. fxe5 h5 55. Kf5 Kd8 56. Rb7 Ra3 57. Bf6 Bxf6 58. Kxf6 Rxb3 59. f4 Kc8 60. Rb5 Re3 61. Rxb4 h4 62. f5 h3 63. Rh4 Kd7 64. e6+ Kd6 65. Rh8 1-0

[Event "49th Rubinstein Memorial"]
[Site "Polanica Zdroj POL"]
[Date "2013.08.22"]
[Round "6"]
[White "Kveinys, Aloyzas"]
[Black "Mista, Aleksander"]
[WhiteElo "2491"]
[BlackElo "2576"]
[Result "1-0"]
[EventDate "2013.08.17"]
[PlyCount "61"]
1. Nf3 Nf6 2. c4 g6 3. g3 Bg7 4. Bg2 O-O 5. O-O c5 6. d4 cxd4 7. Nxd4 d5 8. cxd5 Nxd5 9. Nc3 Nxc3 10. bxc3 Nc6 11. Nxc6 bxc6 12. Be3 Qa5 13. Bxc6 Rb8 14. Qd5 Qa6 15. a4 Bxc3 16. Rac1 Bb2 17. Rc2 Be6 18. Qc5 Bf5 19. Bb5 Qf6 20. Rxb2 Qxb2 21. Qxe7 Bh3 22. Re1 Rfd8 23. f3 Qc3 24. Kf2 Qb3 25. g4 a6 26. Qf6 Qb4 27. Bf4 Ra8 28. Be5 Kf8 29. Rc1 Bxg4 30. Rc7 Bd7 31. Bd6+ 1-0

[Event "49th Rubinstein Memorial"]
[Site "Polanica Zdroj POL"]
[Date "2013.08.22"]
[Round "6"]
[White "Moranda, Wojciech"]
[Black "Ovseevich, Sergei"]
[WhiteElo "2572"]
[BlackElo "2569"]
[Result "1-0"]
[EventDate "2013.08.17"]
[PlyCount "75"]
1. d4 Nf6 2. c4 e6 3. Nf3 b6 4. g3 Bb7 5. Bg2 Be7 6. O-O O-O 7. Re1 Na6 8. Ne5 d5 9. cxd5 exd5 10. Nc3 Re8 11. Bf4 c5 12. dxc5 Nxc5 13. Rc1 Nfe4 14. Nd3 Rc8 15. Bh3 Ne6 16. Bxe6 fxe6 17. Nb5 Rxc1 18. Qxc1 Bf6 19. Be5 d4 20. f3 Ng5 21. Nd6 Re7 22. Nxb7 Rxb7 23. Qc6 Re7 24. Rc1 Nf7 25. Qc8 Qf8 26. Bxf6 gxf6 27. Nf4 Re8 28. Qb7 Re7 29. Rc7 Rxc7 30. Qxc7 e5 31. Nd5 Kg7 32. Ne7 Qd8 33. Nf5+ Kg6 34. Qc2 Qd7 35. Nxd4+ f5 36. Qc6+ Qxc6 37. Nxc6 a5 38. Ne7+ 1-0

[Event "49th Rubinstein Memorial"]
[Site "Polanica Zdroj POL"]
[Date "2013.08.22"]
[Round "6"]
[White "Pacher, Milan"]
[Black "Czarnota, Pawel"]
[WhiteElo "2453"]
[BlackElo "2534"]
[Result "0-1"]
[EventDate "2013.08.17"]
[PlyCount "54"]
1. d4 Nf6 2. c4 g6 3. Nc3 Bg7 4. e4 d6 5. Nf3 O-O 6. h3 Na6 7. Bg5 Qe8 8. g4 c5 9. Bg2 cxd4 10. Nxd4 Bd7 11. O-O Rc8 12. f4 h6 13. Bh4 Rxc4 14. e5 dxe5 15. fxe5 Nh7 16. Bd5 Rc5 17. e6 fxe6 18. Nxe6 Bxe6 19. Bxe6+ Kh8 20. Bf2 Ng5 21. Bxc5 Nxc5 22. Bd5 Nxh3+ 23. Kh2 Nf2 24. Qe2 Ncd3 25. Qd2 Qb8+ 26. Kg2 Qc8 27. Bf3 Rxf3 0-1

[Event "49th Rubinstein Memorial"]
[Site "Polanica Zdroj POL"]
[Date "2013.08.22"]
[Round "6"]
[White "Sulypa, Olexandr"]
[Black "Kempinski, Robert"]
[WhiteElo "2483"]
[BlackElo "2583"]
[Result "1/2-1/2"]
[EventDate "2013.08.17"]
[PlyCount "61"]
1. d4 Nf6 2. c4 g6 3. Nc3 Bg7 4. e4 O-O 5. Nf3 d6 6. Be2 Na6 7. O-O e5 8. Be3 Ng4 9. Bg5 Qe8 10. dxe5 dxe5 11. h3 Nf6 12. a3 Nc5 13. Qc2 Ne6 14. Be3 Nd7 15. Rad1 f5 16. Ng5 Nxg5 17. Bxg5 Nc5 18. exf5 gxf5 19. Nd5 Ne6 20. Be7 c6 21. Bxf8 Qxf8 22. Ne3 Nd4 23. Qd2 Be6 24. Nc2 c5 25. Nxd4 cxd4 26. Qg5 Kh8 27. Rfe1 Rc8 28. Bf1 Qf7 29. g3 Bf6 30. Qh6 Bg7 31. Qg5 1/2-1/2